El albúm de Eduardo Brito / (Registro nro. 15054)

Detalles MARC
000 -LEADER
fixed length control field 01151nam a2200313 i 4500
001 - CONTROL NUMBER
control field 000036076
003 - CONTROL NUMBER IDENTIFIER
control field DO-SdBPM
005 - DATE AND TIME OF LATEST TRANSACTION
control field 20250514124932.0
007 - PHYSICAL DESCRIPTION FIXED FIELD--GENERAL INFORMATION
fixed length control field ta
008 - FIXED-LENGTH DATA ELEMENTS--GENERAL INFORMATION
fixed length control field 111129s1994 dr ac 000 0 spa d
040 ## - CATALOGING SOURCE
Original cataloging agency DO-SdBPM
Transcribing agency BPMSU
Language of cataloging spa
Description conventions rda
082 #4 - DEWEY DECIMAL CLASSIFICATION NUMBER
Classification number 782.4216
Item number B862I 1994
Edition number 22
100 1# - MAIN ENTRY--PERSONAL NAME
Personal name Incháustegui. Arístides
245 13 - TITLE STATEMENT
Title El albúm de Eduardo Brito /
Statement of responsibility, etc. textos Arístides Incháustegui.
264 ## - PRODUCTION, PUBLICATION, DISTRIBUTION, MANUFACTURE, AND COPYRIGHT NOTICE
Place of production, publication, distribution, manufacture Santo Domingo :
Name of producer, publisher, distributor, manufacturer Secretaría de Estado de Educación, Bellas Artes y Cultos,
Date of production, publication, distribution, manufacture, or copyright notice 1994.
300 ## - PHYSICAL DESCRIPTION
Extent 180 páginas :
Other physical details ilustraciones, retratos ;
Dimensions 28 cm.
336 ## - CONTENT TYPE
Source rdacontent
Content type term texto
Content type code txt
337 ## - MEDIA TYPE
Source rdamedia
Media type term sin mediación
Media type code n
338 ## - CARRIER TYPE
Source rdacarrier
Carrier type term volumen
Carrier type code nc
500 ## - GENERAL NOTE
General note Incluye referencias bibliográficas y notas al pie de las páginas
504 ## - BIBLIOGRAPHY, ETC. NOTE
Bibliography, etc Bibliografía : p. 181
590 ## - LOCAL NOTE (RLIN)
Local note Inventariado, 2025/VM
600 14 - SUBJECT ADDED ENTRY--PERSONAL NAME
Personal name Brito, Eduardo,
Dates associated with a name 1905-1946
650 #4 - SUBJECT ADDED ENTRY--TOPICAL TERM
Topical term or geographic name as entry element Músicos
Geographic subdivision República Dominicana
650 #4 - SUBJECT ADDED ENTRY--TOPICAL TERM
Topical term or geographic name as entry element Tenores (cantantes)
Geographic subdivision República Dominicana
710 2# - ADDED ENTRY--CORPORATE NAME
Corporate name or jurisdiction name as entry element Secretaría de Estado de Educación, Bellas Artes y Cultos,
910 ## - USER-OPTION DATA (OCLC)
User-option data VMateo V. Control de calidad. BPMSU
942 ## - ADDED ENTRY ELEMENTS (KOHA)
Source of classification or shelving scheme Dewey Decimal Classification
Koha item type Libros
Existencias
Withdrawn status Lost status Source of classification or shelving scheme Damaged status Not for loan Collection code Home library Current library Date acquired Total Checkouts Full call number Barcode Date last seen Price effective from Koha item type
    Dewey Decimal Classification     Colección Dominicana Biblioteca Pública Metropolitana Salomé Ureña Biblioteca Pública Metropolitana Salomé Ureña 05/14/2025   BPMSU CD 782.4216 B862I 1994 BPMSU25050028 05/14/2025 05/14/2025 Libros